[Event "UKR Games (Men) 3rd"]
[Site "Evpatoria"]
[Date "2007.05.25"]
[Round "7"]
[White "Zavgorodniy, Sergiy"]
[Black "Trembach, Valeriy"]
[Result "1-0"]
[WhiteElo "2422"]
[BlackElo "2246"]
[PlyCount "55"]
[EventDate "2007.05.21"]
[EventType "team"]
[EventRounds "7"]
[EventCountry "UKR"]
[SourceTitle "CBM 118 Extra"]
[Source "ChessBase"]
[SourceDate "2007.07.04"]
[SourceVersion "1"]
[SourceVersionDate "2007.07.04"]
[SourceQuality "1"]

1. e4 g6 2. d4 Bg7 3. Nc3 c6 4. Nf3 d6 5. a4 Nf6 6. Be2 0-0 7. h3 Nbd7 8. 0-0 Qc7 9. Be3 e5 10. dxe5 dxe5 11. Bc4 b6 12. Qe2 h6 13. Rad1 Kh7 14. Qd2 Ne8 15. Nh2 Nc5 16. Qd8 Qb7 17. Qh4 Nf6 18. Bxh6 Bxh6 19. Qxf6 Qc7 20. Ng4 Bxg4 21. hxg4 Bg7 22. Qh4+ Kg8 23. Qg5 Kh7 24. b4 Ne6 25. Bxe6 fxe6 26. Rd3 Qf7 27. Rh3+ Kg8 28. Qh4 1-0

[Event "UKR Games (Men) 3rd"]
[Site "Evpatoria"]
[Date "2007.05.22"]
[Round "2"]
[White "Khaetsky, Roman"]
[Black "Trembach, Valeriy"]
[Result "1-0"]
[WhiteElo "2379"]
[BlackElo "2246"]
[PlyCount "122"]
[EventDate "2007.05.21"]
[EventType "team"]
[EventRounds "7"]
[EventCountry "UKR"]
[SourceTitle "CBM 118 Extra"]
[Source "ChessBase"]
[SourceDate "2007.07.04"]
[SourceVersion "1"]
[SourceVersionDate "2007.07.04"]
[SourceQuality "1"]

1. e4 g6 2. d4 Bg7 3. Nc3 c6 4. Be2 d5 5. e5 f6 6. exf6 exf6 7. h4 Ne7 8. h5 Nf5 9. g4 Nd6 10. Nh3 Kf7 11. Qd3 Na6 12. Bf4 Nc4 13. Qf3 b5 14. 0-0-0 Nc7 15. hxg6+ hxg6 16. Bxc4 bxc4 17. Ng5+ Kg8 18. Rxh8+ Bxh8 19. Bxc7 Qxc7 20. Nxd5 Qd6 21. Ne4 Qxd5 22. Nxf6+ Bxf6 23. Qxf6 Qf7 24. Qxc6 Bb7 25. Qd6 Re8 26. d5 Kg7 27. a4 Qe7 28. Qf4 Qe4 29. Qc7+ Re7 30. Qc5 Rd7 31. Qxa7 Qxg4 32. Qe3 Qh4 33. d6 Qf6 34. Qc5 Bf3 35. Rd2 Qe6 36. Qd4+ Kg8 37. Kb1 g5 38. a5 Qe4 39. Qc3 g4 40. a6 Qc6 41. Qe5 Qe4 42. Qxe4 Bxe4 43. Rd4 Bf3 44. a7 Kg7 45. Rxg4+ Kh6 46. Rf4 Bd5 47. Rd4 Bf3 48. Rf4 Bd5 49. Rf5 Bg2 50. Rf6+ Kh7 51. Rf4 Bd5 52. Rf5 Bg2 53. Rh5+ Kg6 54. Rh8 Kf5 55. a8Q Bxa8 56. Rxa8 Rxd6 57. Rc8 Rd1+ 58. Ka2 Ke5 59. Ka3 Rf1 60. Kb4 Kd5 61. Rc5+ Kd6 1-0

[Event "Rodatychi op"]
[Site "Rodatychi"]
[Date "2006.09.01"]
[Round "9"]
[White "Trembach, Valeriy"]
[Black "Kucherenko, Olena"]
[Result "1-0"]
[WhiteElo "2247"]
[BlackElo "2051"]
[PlyCount "63"]
[EventDate "2006.08.27"]
[EventType "swiss"]
[EventRounds "9"]
[EventCountry "UKR"]
[SourceTitle "EXT 2008"]
[Source "ChessBase"]
[SourceDate "2007.11.25"]
[SourceVersion "1"]
[SourceVersionDate "2007.11.25"]
[SourceQuality "1"]

1. d4 f5 2. Nf3 Nf6 3. Bg5 e6 4. Nbd2 h6 5. Bxf6 Qxf6 6. e4 Be7 7. exf5 exf5 8. Bc4 Nc6 9. 0-0 d6 10. Re1 Bd7 11. c3 0-0-0 12. b4 g5 13. Nb3 f4 14. b5 Nb8 15. a4 Rdf8 16. Nfd2 g4 17. f3 h5 18. Qe2 Rh7 19. Be6 gxf3 20. Nxf3 h4 21. h3 Rg7 22. Ra2 Qg6 23. d5 Bf6 24. Nbd4 Bxd4+ 25. cxd4 Kd8 26. Rc2 Qf6 27. Qc4 Be8 28. Bg4 Re7 29. Re6 Qg7 30. Rxd6+ Rd7 31. Qxc7+ Ke7 32. Re2+ 1-0

[Event "Rodatychi op"]
[Site "Rodatychi"]
[Date "2006.08.31"]
[Round "7"]
[White "Trembach, Valeriy"]
[Black "Shkuro, Iuri"]
[Result "0-1"]
[WhiteElo "2247"]
[BlackElo "2499"]
[PlyCount "74"]
[EventDate "2006.08.27"]
[EventType "swiss"]
[EventRounds "9"]
[EventCountry "UKR"]
[SourceTitle "EXT 2008"]
[Source "ChessBase"]
[SourceDate "2007.11.25"]
[SourceVersion "1"]
[SourceVersionDate "2007.11.25"]
[SourceQuality "1"]

1. d4 e6 2. Nf3 f5 3. Bg5 Be7 4. h4 Nf6 5. Nc3 Ne4 6. Nxe4 fxe4 7. Bxe7 Qxe7 8. Ng5 Qb4+ 9. c3 Qxb2 10. Nxe4 b6 11. Rh3 Bb7 12. Nd2 Qa3 13. e4 0-0 14. h5 Qe7 15. Qg4 c5 16. Bd3 cxd4 17. cxd4 e5 18. d5 Rf4 19. Qe2 d6 20. Bb5 Nd7 21. Bxd7 Qxd7 22. Rc1 Raf8 23. Rhc3 Qa4 24. f3 R4f7 25. Qc4 Qe8 26. Qb4 Qd8 27. Nc4 Rd7 28. Qa3 b5 29. Na5 Qb6 30. Nc6 Qg1+ 31. Ke2 Qxg2+ 32. Ke1 Rdf7 33. Qxd6 Bxc6 34. dxc6 Rxf3 35. Rxf3 Qxf3 36. Qd5+ Kh8 37. Rc2 Qe3+ 0-1